000 00521nam a22001817a 4500
005 20240920134203.0
008 240918b |||||||| |||| 00| 0 eng d
020 _a978-93-87880-70-2
041 _aeng
082 _a615.19
100 _aLUMBHANI, DR. ARVIND N AND GEETHA, DR.G. AND SINGH, DR. ARVIND KUMAR
_98526
245 _aPHARMACEUTICAL ORGANIC CHEMISTRY- II
250 _aRE-PRINT, ED. 2022
260 _aLUCKNOW
_bTHAKUR PUBLICATION PVT.LTD
300 _a160;P
650 _aPHARMACY
_xB.PHARMA
942 _cBK
999 _c8655
_d8653